[Event "8th HD Bank Cup 2018"]
[Site "Hanoi VIE"]
[Date "2018.03.13"]
[Round "6.32"]
[White "Diu, Viacheslav"]
[Black "Kulkarni, Bhakti"]
[Result "1/2-1/2"]
[WhiteTitle "IM"]
[BlackTitle "CM"]
[WhiteElo "2426"]
[BlackElo "2275"]
[WhiteFideId "4167465"]
[BlackFideId "5019516"]
[EventDate "2018.03.10"]

1. e4 e5 2. Nf3 Nc6 3. Bb5 a6 4. Ba4 Nf6 5. O-O Be7 6. Re1 b5 7. Bb3 d6 8. c3
Bg4 9. h3 Bd7 10. d4 O-O 11. Nbd2 h6 12. Nf1 Re8 13. Ng3 Bf8 14. a4 Na5 15. Bc2
c5 16. axb5 axb5 17. b3 cxd4 18. cxd4 Nc6 19. Bb2 Qc7 20. Qd2 Rxa1 21. Rxa1 Rc8
22. Rc1 Qb8 23. Bb1 Be7 24. Kh2 Re8 25. Kh1 1/2-1/2

[Event "8th HD Bank Cup 2018"]
[Site "Hanoi VIE"]
[Date "2018.03.13"]
[Round "6.33"]
[White "Vogt, Lothar"]
[Black "Moksh, Amit Doshi"]
[Result "0-1"]
[WhiteTitle "GM"]
[WhiteElo "2402"]
[BlackElo "2256"]
[WhiteFideId "4611292"]
[BlackFideId "25064967"]
[EventDate "2018.03.10"]

1. e4 c6 2. d4 d5 3. exd5 cxd5 4. c4 Nf6 5. Nc3 Nc6 6. Nf3 g6 7. cxd5 Nxd5 8.
Qb3 Nxc3 9. bxc3 Bg7 10. Be2 O-O 11. O-O Qc7 12. Ba3 Be6 13. Qa4 Bf6 14. Rac1
Rac8 15. Rfd1 Rfd8 16. Bc5 h5 17. h3 Kg7 18. Bd3 Qd7 19. Bb5 a6 20. Bxc6 Qxc6
21. Qa3 Rd7 22. c4 b6 23. Bb4 a5 24. Bxa5 bxa5 25. d5 Bxd5 26. cxd5 Rxd5 27.
Rxc6 Rxd1+ 28. Kh2 Rxc6 29. Qxa5 Ra1 30. Qa4 Rb6 31. g4 hxg4 32. hxg4 Rb2 33. g5
Bc3 34. Qa3 Rxf2+ 35. Kg3 Rc2 36. Qxe7 Raxa2 37. Ne5 Rg2+ 38. Kf3 Raf2+ 39. Ke3 0-1

[Event "8th HD Bank Cup 2018"]
[Site "Hanoi VIE"]
[Date "2018.03.13"]
[Round "6.34"]
[White "Hoang, Canh Huan"]
[Black "Raja, Rithvik R"]
[Result "1-0"]
[WhiteTitle "FM"]
[BlackTitle "FM"]
[WhiteElo "2402"]
[BlackElo "2227"]
[WhiteFideId "12400599"]
[BlackFideId "35007394"]
[EventDate "2018.03.10"]

1. e4 c5 2. Nf3 d6 3. c3 Nf6 4. Bd3 g6 5. O-O Bg7 6. Bc2 O-O 7. h3 Nc6 8. d4
cxd4 9. cxd4 d5 10. e5 Ne4 11. Re1 Qb6 12. Nc3 Nxc3 13. bxc3 Na5 14. Ng5 h6 15.
Nf3 Be6 16. Nh4 Qc7 17. Re3 Rfc8 18. Rg3 Bd7 19. Nxg6 fxg6 20. Rxg6 Qxc3 21.
Bxh6 Qxc2 22. Rxg7+ Kh8 23. Qh5 Rg8 24. Rxe7 1-0

[Event "8th HD Bank Cup 2018"]
[Site "Hanoi VIE"]
[Date "2018.03.13"]
[Round "6.35"]
[White "Shyaamnikhil, P"]
[Black "Alfred, Nathan S W"]
[Result "1/2-1/2"]
[WhiteTitle "IM"]
[BlackTitle "FM"]
[WhiteElo "2394"]
[BlackElo "2208"]
[WhiteFideId "5024218"]
[BlackFideId "407739"]
[EventDate "2018.03.10"]

1. e4 c5 2. Nc3 Nc6 3. Nf3 g6 4. d4 cxd4 5. Nxd4 Bg7 6. Be3 Nf6 7. Bc4 O-O 8.
Bb3 d6 9. f3 Bd7 10. Qd2 Qa5 11. O-O-O Rfc8 12. Kb1 Ne5 13. Bg5 Nc4 14. Bxc4
Rxc4 15. Bxf6 Bxf6 16. Nd5 Qxd2 17. Nxf6+ Kg7 18. Nh5+ Kh6 19. Rxd2 Kxh5 20. Ne2
Be6 21. b3 Rc5 22. c4 Kh6 23. Kb2 Kg7 24. Nf4 Rac8 25. Re1 b5 26. cxb5 Rxb5 27.
e5 dxe5 28. Nxe6+ fxe6 29. Rd7 a5 30. Rxe7+ Kf6 31. Rxh7 Rd8 32. Re2 a4 33. Ra7
axb3 34. axb3 Rd3 35. Ra3 Kf5 36. Kc2 1/2-1/2

[Event "8th HD Bank Cup 2018"]
[Site "Hanoi VIE"]
[Date "2018.03.13"]
[Round "6.36"]
[White "Karavade, Eesha"]
[Black "Sihite, Chelsie Monica Ignesias"]
[Result "1-0"]
[WhiteTitle "IM"]
[BlackTitle "WIM"]
[WhiteElo "2391"]
[BlackElo "2189"]
[WhiteFideId "5012600"]
[BlackFideId "7101198"]
[EventDate "2018.03.10"]

1. d4 d6 2. Nf3 Nf6 3. c4 Nbd7 4. Nc3 e5 5. g3 c6 6. Bg2 Be7 7. O-O O-O 8. e4 b5
9. cxb5 cxb5 10. Nxb5 Ba6 11. a4 Bxb5 12. axb5 Qb6 13. Qd3 Rfb8 14. Re1 Qxb5 15.
Qxb5 Rxb5 16. Ra2 Bd8 17. Bf1 Ra5 18. Bc4 Rc8 19. Bd2 Rxa2 20. Bxa2 exd4 21.
Nxd4 Bb6 22. Bc3 Re8 23. Nf5 Bc7 24. f3 g6 25. Nh6+ Kg7 26. Nxf7 Ne5 27. Nxe5
dxe5 28. Rd1 Bb6+ 29. Kf1 Bc7 30. Ke2 g5 31. Bc4 Kg6 32. g4 h6 33. Rd2 Rh8 34.
Kd1 h5 35. h3 hxg4 36. hxg4 Rh1+ 37. Kc2 Rh3 38. Rd3 Rh2+ 39. Kb3 Rf2 40. Kb4
Rh2 41. Kb5 1-0

[Event "8th HD Bank Cup 2018"]
[Site "Hanoi VIE"]
[Date "2018.03.13"]
[Round "6.37"]
[White "Cao, Sang"]
[Black "Nguyen, Quoc Hy"]
[Result "1/2-1/2"]
[WhiteTitle "GM"]
[BlackTitle "CM"]
[WhiteElo "2381"]
[BlackElo "2039"]
[WhiteFideId "725056"]
[BlackFideId "12410853"]
[EventDate "2018.03.10"]

1. e4 c5 2. Nf3 e6 3. Nc3 Nc6 4. g3 d5 5. d3 Nf6 6. Bg2 Be7 7. O-O O-O 8. Bf4 d4
9. Ne2 b6 10. Ne5 Bb7 11. Nxc6 Bxc6 12. c4 dxc3 13. Nxc3 Qd7 14. Qe2 Rfd8 15.
Rfd1 Qb7 16. Qe3 Rd4 17. h3 Nd7 18. Qe2 Bf6 19. Be3 Rd6 20. f4 Bd4 21. Kh2 Nf8
22. a4 a6 23. a5 b5 24. e5 1/2-1/2

[Event "8th HD Bank Cup 2018"]
[Site "Hanoi VIE"]
[Date "2018.03.13"]
[Round "6.38"]
[White "Piasetski, Leon"]
[Black "Laxman, R.R."]
[Result "0-1"]
[WhiteTitle "IM"]
[BlackTitle "GM"]
[WhiteElo "2258"]
[BlackElo "2457"]
[WhiteFideId "2600072"]
[BlackFideId "5005361"]
[EventDate "2018.03.10"]

1. Nf3 Nf6 2. c4 e6 3. b3 d5 4. Bb2 c5 5. e3 Nc6 6. cxd5 exd5 7. Bb5 Bd6 8. d4
O-O 9. dxc5 Bxc5 10. O-O Bg4 11. h3 Bh5 12. Nbd2 Rc8 13. Rc1 Bb6 14. Be2 Re8 15.
a3 Qe7 16. Re1 a5 17. Bb5 Red8 18. Qe2 Ne4 19. Bxc6 Nxd2 20. Qxd2 Bxf3 21. Bb5
Rxc1 22. Rxc1 Qg5 23. Bf1 d4 24. Kh1 dxe3 25. Qc3 e2 0-1

[Event "8th HD Bank Cup 2018"]
[Site "Hanoi VIE"]
[Date "2018.03.13"]
[Round "6.39"]
[White "Vo, Thi Kim Phung"]
[Black "Quizon, Daniel"]
[Result "0-1"]
[WhiteTitle "WGM"]
[WhiteElo "2425"]
[BlackElo "2204"]
[WhiteFideId "12401838"]
[BlackFideId "5217911"]
[EventDate "2018.03.10"]

1. d4 Nf6 2. c4 g6 3. Nc3 Bg7 4. e4 d6 5. Be2 O-O 6. Be3 e5 7. d5 a5 8. c5 Ne8
9. cxd6 Nxd6 10. Nf3 f5 11. O-O b6 12. Rc1 f4 13. Bd2 Nd7 14. Be1 g5 15. h3 Qe7
16. b3 Kh8 17. Nb5 Nxb5 18. Bxb5 Nc5 19. Nd2 f3 20. Nxf3 g4 21. hxg4 Bxg4 22.
Be2 Nxe4 23. Nd2 Bf5 24. Nxe4 Bxe4 25. Rc4 Bg6 26. Qc1 Rf7 27. Bd2 e4 28. Bc3
Rd8 29. Rd1 Rdf8 30. Bxg7+ Rxg7 31. Qc3 Bf5 32. Rc1 Rf7 33. Rc6 e3 34. Qxe3 Qxe3
35. fxe3 Be4 36. Bf1 Bxd5 37. R6c2 Re7 38. Rd2 c6 39. Rc3 Rg4 40. Bc4 Bxc4 41.
bxc4 Ree4 42. Rd8+ Kg7 43. c5 b5 44. Rcd3 Rg6 45. R3d7+ Kh6 46. Rh8 Rxe3 47.
Rdxh7+ Kg5 48. Rh5+ Kg4 49. R5h6 Ree6 50. Rh5 Rg5 0-1

[Event "8th HD Bank Cup 2018"]
[Site "Hanoi VIE"]
[Date "2018.03.13"]
[Round "6.40"]
[White "Le, Huu Thai"]
[Black "Akshat, Khamparia"]
[Result "0-1"]
[WhiteTitle "CM"]
[BlackTitle "IM"]
[WhiteElo "2223"]
[BlackElo "2408"]
[WhiteFideId "12402460"]
[BlackFideId "5016541"]
[EventDate "2018.03.10"]

1. d4 Nf6 2. Nf3 g6 3. Bf4 Bg7 4. e3 d6 5. h3 O-O 6. Be2 c5 7. c3 Qb6 8. Qb3 Be6
9. Qxb6 axb6 10. a3 Bd5 11. Nbd2 Bc6 12. O-O b5 13. dxc5 dxc5 14. Ne5 Nbd7 15.
Rad1 c4 16. Bf3 Bxf3 17. Ndxf3 Nc5 18. Nd4 Ra5 19. Bh2 Rc8 20. f3 Ne8 21. Ng4 f6
22. Nf2 Kf7 23. Rd2 Bh6 24. Ng4 Bf8 25. Nc2 h5 26. Nf2 Bh6 27. Bf4 Bxf4 28. exf4
h4 29. Re1 Ng7 30. Nd4 Rc7 31. Rde2 Nf5 32. Rd1 Ng3 33. Red2 f5 34. Kh2 Nh5 35.
Ne2 Ra6 36. Rd5 0-1

[Event "8th HD Bank Cup 2018"]
[Site "Hanoi VIE"]
[Date "2018.03.13"]
[Round "6.41"]
[White "Zhang, Ziji"]
[Black "Le, Minh Hoang"]
[Result "1-0"]
[BlackTitle "CM"]
[WhiteElo "2374"]
[BlackElo "2184"]
[WhiteFideId "8609470"]
[BlackFideId "12404683"]
[EventDate "2018.03.10"]

1. Nf3 d5 2. g3 c6 3. Bg2 Bf5 4. c4 e6 5. O-O Nf6 6. cxd5 cxd5 7. Qb3 Qb6 8.
Qxb6 axb6 9. d3 Bc5 10. Nc3 O-O 11. Bf4 Nc6 12. a3 h6 13. b4 Be7 14. Nb5 Bg4 15.
Rac1 Nd7 16. h3 Bh5 17. e4 dxe4 18. dxe4 e5 19. Be3 Bxf3 20. Bxf3 Bg5 21. Rc3
Bxe3 22. fxe3 Nf6 23. Nd6 Ra7 24. Rfc1 Nd8 25. h4 Ne6 26. Nc4 Nc7 27. Nxb6 Nb5
28. Rc5 Nxa3 29. Rxe5 Ra6 30. Nd5 Nxd5 31. Rxd5 Rb6 32. Ra5 Ra6 33. e5 Rfa8 34.
Rxa6 Rxa6 35. Rc8+ Kh7 1-0

[Event "8th HD Bank Cup 2018"]
[Site "Hanoi VIE"]
[Date "2018.03.13"]
[Round "6.42"]
[White "Pham, Le Thao Nguyen"]
[Black "Nguyen, Phuoc Tam"]
[Result "1/2-1/2"]
[WhiteTitle "IM"]
[WhiteElo "2354"]
[BlackElo "2169"]
[WhiteFideId "12401226"]
[BlackFideId "12402109"]
[EventDate "2018.03.10"]

1. d4 Nf6 2. Nf3 g6 3. Bf4 Bg7 4. e3 O-O 5. Nbd2 d6 6. h3 Nfd7 7. c3 e5 8. Bg3
Nc6 9. Be2 f5 10. d5 Ne7 11. Bh4 h6 12. Bxe7 Qxe7 13. Qc2 Nb6 14. c4 Bd7 15. e4
c6 16. dxc6 Bxc6 17. O-O Rac8 18. Bd3 Bd7 19. Qd1 Be6 20. b3 f4 21. Be2 Nd7 22.
Rc1 g5 23. Nh2 Nf6 24. Ng4 Qf7 25. Nxf6+ Bxf6 26. Bh5 Qd7 27. Bg4 Bd8 28. Bxe6+
Qxe6 29. Qg4 Qxg4 30. hxg4 Bb6 31. Kh2 Kf7 32. Nf3 Ke7 33. g3 Rf6 34. Kg2 Rcf8
35. b4 fxg3 36. fxg3 Be3 37. Rce1 Bb6 38. Rc1 1/2-1/2

[Event "8th HD Bank Cup 2018"]
[Site "Hanoi VIE"]
[Date "2018.03.13"]
[Round "6.43"]
[White "Kulkarni, Chinmay"]
[Black "Gu, Xiaobing"]
[Result "1-0"]
[BlackTitle "WGM"]
[WhiteElo "2215"]
[BlackElo "2354"]
[WhiteFideId "5023513"]
[BlackFideId "8602611"]
[EventDate "2018.03.10"]

1. e4 c5 2. Nf3 d6 3. d4 cxd4 4. Nxd4 Nf6 5. Nc3 Nc6 6. Bg5 e6 7. Qd2 Qb6 8. Nb3
Be7 9. O-O-O O-O 10. f3 Rd8 11. h4 a6 12. Be3 Qc7 13. Qf2 Nd7 14. g4 b5 15. g5
Na5 16. h5 b4 17. Na4 Qc6 18. Nb6 Rb8 19. Nxc8 Rdxc8 20. Nd4 Qa4 21. Kb1 Nf8 22.
Qg2 d5 23. exd5 exd5 24. Nf5 Bc5 25. Bxc5 Rxc5 26. h6 1-0

[Event "8th HD Bank Cup 2018"]
[Site "Hanoi VIE"]
[Date "2018.03.13"]
[Round "6.44"]
[White "Kunal, M."]
[Black "Manush, Shah"]
[Result "1/2-1/2"]
[WhiteElo "2340"]
[BlackElo "2202"]
[WhiteFideId "5018250"]
[BlackFideId "5040680"]
[EventDate "2018.03.10"]

1. d4 d5 2. Bf4 Nf6 3. e3 c5 4. c3 Nc6 5. Nf3 Qb6 6. Qb3 c4 7. Qc2 Bf5 8. Qc1 e6
9. h3 h6 10. Nbd2 Be7 11. Be2 O-O 12. Rg1 Qd8 13. g4 Bh7 14. g5 hxg5 15. Nxg5
Bf5 16. Ndf3 Bd6 17. Qd2 b5 18. Ne5 Qc7 19. Nxc6 Qxc6 20. Be5 Bxe5 21. dxe5 Ne4
22. Qd4 Qb6 23. Nxe4 Bxe4 24. Qxb6 axb6 25. f4 f6 26. exf6 Rxf6 27. h4 Kf7 28.
Kd2 Rh6 29. h5 g6 30. hxg6+ Bxg6 31. Rg2 Be4 32. Rf2 Rah8 33. Raf1 Rh2 34. Bd1
Bd3 35. Be2 Be4 36. Bd1 Kf6 37. Bg4 R8h4 38. Be2 Rxf2 39. Rxf2 Rh1 40. Bd1 Kf5
41. a3 1/2-1/2

[Event "8th HD Bank Cup 2018"]
[Site "Hanoi VIE"]
[Date "2018.03.13"]
[Round "6.45"]
[White "Luong, Phuong Hanh"]
[Black "Duong, The Anh"]
[Result "0-1"]
[WhiteTitle "WIM"]
[BlackTitle "IM"]
[WhiteElo "2192"]
[BlackElo "2327"]
[WhiteFideId "12401013"]
[BlackFideId "12401277"]
[EventDate "2018.03.10"]

1. d4 e6 2. Nf3 c5 3. e3 Nf6 4. Bd3 Nc6 5. O-O d5 6. b3 Be7 7. Bb2 O-O 8. a3 b6
9. Ne5 Bb7 10. Nd2 Nd7 11. f4 f5 12. Nxd7 Qxd7 13. Nf3 Bf6 14. Qe2 Rad8 15. Rad1
Qc7 16. c3 Ne7 17. a4 Nc8 18. Ba3 Nd6 19. Ne5 Ne4 20. Bxe4 fxe4 21. Rc1 Be7 22.
Qb2 Ba6 23. Rfd1 g5 24. g3 Bd6 25. c4 Bxe5 26. dxe5 dxc4 27. bxc4 Rd3 28. Rxd3
exd3 29. Qd2 Rd8 30. h3 Qc6 31. Kh2 Qf3 32. Re1 Qe4 33. f5 Bxc4 34. fxe6 Bxe6
35. Rf1 Rf8 36. Rxf8+ Kxf8 37. Qf2+ Qf5 38. Qg2 Qxh3+ 39. Qxh3 Bxh3 40. Bc1 Bd7 0-1

[Event "8th HD Bank Cup 2018"]
[Site "Hanoi VIE"]
[Date "2018.03.13"]
[Round "6.46"]
[White "Pratyusha, Bodda"]
[Black "Kathmale, Sameer"]
[Result "0-1"]
[WhiteTitle "WIM"]
[BlackTitle "IM"]
[WhiteElo "2164"]
[BlackElo "2320"]
[WhiteFideId "5000629"]
[BlackFideId "5024498"]
[EventDate "2018.03.10"]

1. d4 Nf6 2. Nf3 g6 3. Bg5 Bg7 4. Nbd2 d5 5. e3 O-O 6. c3 h6 7. Bh4 Bf5 8. Be2
Nbd7 9. O-O c5 10. b4 cxb4 11. cxb4 a5 12. a3 Ne4 13. Qb3 g5 14. Bg3 g4 15. Qxd5
gxf3 16. Nxf3 Nc3 17. Qxf5 Nxe2+ 18. Kh1 Nxg3+ 19. fxg3 Nf6 20. e4 e6 21. Qf4
axb4 22. axb4 Rxa1 23. Rxa1 Qb6 24. Rb1 Qc6 25. Re1 Qc4 26. g4 Qxb4 27. h4 e5
28. dxe5 Nd7 29. g5 h5 30. Rc1 Qb2 31. Rd1 Nxe5 32. Nxe5 Qxe5 33. Qf3 b5 34. Rd5
Qa1+ 35. Rd1 Qa4 36. Re1 Qb4 37. Re2 Re8 38. g4 0-1

[Event "8th HD Bank Cup 2018"]
[Site "Hanoi VIE"]
[Date "2018.03.13"]
[Round "6.47"]
[White "Gomes, Mary Ann"]
[Black "Divya, Deshmukh"]
[Result "1-0"]
[WhiteTitle "WGM"]
[BlackTitle "WFM"]
[WhiteElo "2318"]
[BlackElo "2138"]
[WhiteFideId "5013623"]
[BlackFideId "35006916"]
[EventDate "2018.03.10"]

1. e4 c5 2. Nf3 d6 3. Bb5+ Bd7 4. Bxd7+ Qxd7 5. O-O Nc6 6. c4 g6 7. Nc3 Bg7 8.
d3 e6 9. Be3 Nge7 10. d4 cxd4 11. Nxd4 O-O 12. f4 d5 13. cxd5 exd5 14. Nxc6 bxc6
15. f5 f6 16. Bc5 Rfd8 17. fxg6 hxg6 18. Qc2 dxe4 19. Qxe4 Nf5 20. g4 Nh6 21.
Be7 Re8 22. Qc4+ Kh7 23. Bxf6 Qxg4+ 24. Qxg4 Nxg4 25. Bxg7 Kxg7 26. Rf4 Ne5 27.
Raf1 Rf8 28. Ra4 Rxf1+ 29. Kxf1 Rf8+ 30. Kg2 Rf7 31. Ne4 Nd3 32. b3 Re7 33. Nd6
Kf6 34. Kf3 Ne1+ 35. Kg4 Nd3 36. Kf3 Ne1+ 37. Kg3 Nd3 38. h4 Nc1 39. Nc8 Re3+
40. Kf4 Rh3 41. Kg4 Rc3 42. Rf4+ Kg7 43. Rf2 a5 44. Nd6 a4 45. bxa4 Ra3 46. Rf7+
Kh6 47. Ra7 Nxa2 48. Nf7+ Kg7 49. Nd8+ Kh6 50. Nf7+ Kg7 51. Ng5+ Kf6 52. Kf4 1-0

[Event "8th HD Bank Cup 2018"]
[Site "Hanoi VIE"]
[Date "2018.03.13"]
[Round "6.48"]
[White "Pham, Thi Thu Hien"]
[Black "Nitish, Belurkar"]
[Result "0-1"]
[BlackTitle "FM"]
[WhiteElo "2138"]
[BlackElo "2293"]
[WhiteFideId "12402575"]
[BlackFideId "5084768"]
[EventDate "2018.03.10"]

1. e4 e5 2. Nf3 Nc6 3. c3 d5 4. Qa4 f6 5. d3 Be6 6. Be2 Ne7 7. O-O Ng6 8. Re1
Be7 9. Nbd2 O-O 10. d4 a6 11. exd5 Bxd5 12. dxe5 Ncxe5 13. Nxe5 Nxe5 14. c4 Bc6
15. Qc2 Qd4 16. Bf1 Rad8 17. Nb3 Qg4 18. Kh1 Bb4 19. Bd2 Nf3 20. Bxb4 Qh3 21.
gxh3 Nxe1+ 22. Kg1 Nxc2 23. Bxf8 Nxa1 24. Bc5 Nxb3 25. axb3 Bf3 0-1

[Event "8th HD Bank Cup 2018"]
[Site "Hanoi VIE"]
[Date "2018.03.13"]
[Round "6.49"]
[White "Liu, Zhaoqi"]
[Black "Lee, Jun Hyeok"]
[Result "1/2-1/2"]
[BlackTitle "FM"]
[WhiteElo "2133"]
[BlackElo "2286"]
[WhiteFideId "8609381"]
[BlackFideId "13202340"]
[EventDate "2018.03.10"]

1. c4 g6 2. Nc3 Bg7 3. d4 Nf6 4. Nf3 O-O 5. g3 c5 6. d5 d6 7. Bg2 e6 8. O-O exd5
9. cxd5 Re8 10. Nd2 a6 11. a4 Nbd7 12. h3 Rb8 13. Nc4 Ne5 14. Na3 Nh5 15. e4 Bd7
16. a5 b5 17. axb6 Bb5 18. Naxb5 axb5 19. Nxb5 Qxb6 20. Na3 Qb3 21. Qxb3 Rxb3
22. g4 Nf6 23. Rd1 Nfd7 24. f4 Nf3+ 25. Bxf3 Rxf3 26. Kg2 Rb3 27. Re1 Nb6 28.
Nc2 f5 29. Ra3 Rb5 30. exf5 Rxe1 31. Nxe1 Bxb2 32. Bxb2 Rxb2+ 33. Kf3 gxf5 34.
gxf5 c4 35. Ke4 Re2+ 36. Re3 Rxe3+ 37. Kxe3 Nxd5+ 38. Kd4 Nb6 39. Nc2 Kf7 40.
Ne3 Kf6 41. Nxc4 Nxc4 42. Kxc4 Kxf5 43. Kd5 Kxf4 44. Kxd6 1/2-1/2

[Event "8th HD Bank Cup 2018"]
[Site "Hanoi VIE"]
[Date "2018.03.13"]
[Round "6.50"]
[White "Abelgas, Roel"]
[Black "Tran, Le Dan Thuy"]
[Result "1/2-1/2"]
[WhiteTitle "FM"]
[BlackTitle "WFM"]
[WhiteElo "2273"]
[BlackElo "2036"]
[WhiteFideId "5200970"]
[BlackFideId "12403407"]
[EventDate "2018.03.10"]

1. d4 d5 2. c4 c6 3. Nc3 Nf6 4. Nf3 e6 5. cxd5 exd5 6. Qc2 Na6 7. a3 Nc7 8. Bg5
Be7 9. e3 O-O 10. Bd3 h6 11. Bh4 Re8 12. O-O Ne4 13. Bxe7 Qxe7 14. Bxe4 dxe4 15.
Nd2 f5 16. b4 Be6 17. Rfc1 Rac8 18. Ne2 Nd5 19. Qc5 Qg5 20. Nf1 a6 21. Qd6 Rcd8
22. Qg3 Qf6 23. Nc3 Kh7 24. Nxd5 Rxd5 25. Rc5 g5 26. Qc7+ Re7 27. Qb8 f4 28. Re1
Rf7 29. exf4 Qxd4 30. Qe8 Rxc5 31. Qxe6 Rcf5 32. Rxe4 Qf6 33. fxg5 Qxe6 34. Rxe6
hxg5 35. f3 a5 1/2-1/2

[Event "8th HD Bank Cup 2018"]
[Site "Hanoi VIE"]
[Date "2018.03.13"]
[Round "6.51"]
[White "Dixit, Nikhil"]
[Black "Bhambure, Shantanu"]
[Result "1-0"]
[WhiteElo "2251"]
[BlackElo "2135"]
[WhiteFideId "5059534"]
[BlackFideId "5025931"]
[EventDate "2018.03.10"]

1. e4 c5 2. Nf3 a6 3. b3 d6 4. d4 cxd4 5. Nxd4 Nf6 6. Bd3 e5 7. Nf3 Be7 8. c4
O-O 9. O-O Nc6 10. h3 Nd7 11. Nc3 Nc5 12. Nd5 f5 13. Re1 Bf6 14. Nxf6+ Qxf6 15.
Bg5 Qf7 16. exf5 Nxd3 17. Qxd3 Bxf5 18. Qxd6 Bxh3 19. Qd5 Be6 20. Qd2 Qf5 21.
Bh4 Rae8 22. Bg3 e4 23. Nd4 Nxd4 24. Qxd4 Bd7 25. Qd5+ Qxd5 26. cxd5 Rf5 27.
Rad1 Kf7 28. Rd4 h5 29. Bd6 Rf6 30. Bb4 Rf5 31. a4 Rg5 32. Bd2 1-0

[Event "8th HD Bank Cup 2018"]
[Site "Hanoi VIE"]
[Date "2018.03.13"]
[Round "6.52"]
[White "Doan, Van Duc"]
[Black "Emperado, Emmanuel"]
[Result "1/2-1/2"]
[WhiteElo "2112"]
[BlackElo "2232"]
[WhiteFideId "12400335"]
[BlackFideId "5209960"]
[EventDate "2018.03.10"]

1. Nf3 c6 2. g3 d5 3. Bg2 Bg4 4. h3 Bh5 5. d3 Nf6 6. O-O Nbd7 7. c4 Bxf3 8. Bxf3
dxc4 9. dxc4 Ne5 10. Nd2 Nxf3+ 11. Nxf3 e6 12. Be3 Bd6 13. Qc2 Qc7 14. Kg2 O-O
15. Rad1 Rfd8 16. Rd2 Bb4 17. Rxd8+ Rxd8 18. c5 b6 19. Rc1 Rc8 20. a3 Bxc5 21.
Bxc5 bxc5 22. Qxc5 Qb6 23. b4 Qxc5 24. Rxc5 Nd7 25. Rc2 Kf8 26. Nd4 c5 27. Nb3
c4 28. Nc5 Ke7 29. Rxc4 a5 30. Rc1 axb4 31. axb4 Nxc5 32. bxc5 Kd7 33. f4 Kc6
34. Kf3 Ra8 35. g4 Ra7 1/2-1/2

[Event "8th HD Bank Cup 2018"]
[Site "Hanoi VIE"]
[Date "2018.03.13"]
[Round "6.53"]
[White "Snehal, Bhosale"]
[Black "Rathnakaran, K."]
[Result "1/2-1/2"]
[BlackTitle "IM"]
[WhiteElo "2105"]
[BlackElo "2395"]
[WhiteFideId "5021995"]
[BlackFideId "5005507"]
[EventDate "2018.03.10"]

1. d4 Nf6 2. c4 g6 3. Nc3 Bg7 4. Nf3 O-O 5. Bf4 d6 6. e3 Nbd7 7. Be2 h6 8. h3
Nh7 9. O-O e5 10. Bh2 Ng5 11. Qd2 f5 12. dxe5 dxe5 13. Rad1 Nf7 14. b4 c6 15. c5
a5 16. a3 axb4 17. axb4 Kh7 18. Bc4 Qe7 19. Ra1 Rxa1 20. Rxa1 b6 21. Ra2 bxc5
22. Bxf7 Rxf7 23. bxc5 Qxc5 24. Rc2 e4 25. Nd4 Ba6 1/2-1/2

[Event "8th HD Bank Cup 2018"]
[Site "Hanoi VIE"]
[Date "2018.03.13"]
[Round "6.54"]
[White "Hoang, Thi Bao Tram"]
[Black "Looi, Xin Hao"]
[Result "0-1"]
[WhiteTitle "WGM"]
[WhiteElo "2410"]
[BlackElo "2104"]
[WhiteFideId "12401102"]
[BlackFideId "5702828"]
[EventDate "2018.03.10"]

1. Nf3 Nf6 2. d4 e6 3. Bf4 c5 4. e3 b6 5. Bd3 Bb7 6. Nbd2 cxd4 7. exd4 Be7 8.
O-O d6 9. c3 Nbd7 10. Qe2 O-O 11. Rfe1 Re8 12. h3 Bf8 13. Bc4 Qc7 14. Bh2 h6 15.
a4 a6 16. Bb3 Bd5 17. Bxd5 Nxd5 18. Ne4 N5f6 19. Nfd2 Qc6 20. Qf3 Nxe4 21. Nxe4
d5 22. Nd2 b5 23. a5 Rac8 24. Bf4 b4 25. Rec1 Qb5 26. Nf1 Be7 27. Ng3 Nf6 28.
Bd2 Rc4 29. Re1 Rec8 30. Nf5 Kf8 31. Nxe7 Kxe7 32. Qg3 Ne4 33. Qh4+ Kf8 34. b3
Rxc3 35. Bxc3 bxc3 36. Qf4 Qb4 37. f3 Qxd4+ 38. Kh2 Qd2 39. Qe5 Qg5 40. Rxe4
dxe4 41. Qd6+ Qe7 0-1

[Event "8th HD Bank Cup 2018"]
[Site "Hanoi VIE"]
[Date "2018.03.13"]
[Round "6.55"]
[White "Kulkarni, Vinayak"]
[Black "Li, Ruofan"]
[Result "0-1"]
[BlackTitle "IM"]
[WhiteElo "2161"]
[BlackElo "2351"]
[WhiteFideId "5021332"]
[BlackFideId "8600643"]
[EventDate "2018.03.10"]

1. d4 Nf6 2. c4 e6 3. Nc3 Bb4 4. e3 O-O 5. Bd3 d5 6. Nf3 c5 7. O-O Nc6 8. a3
Bxc3 9. bxc3 Qc7 10. Bb2 dxc4 11. Bxc4 e5 12. Re1 Bg4 13. Be2 Rad8 14. h3 Bh5
15. Qa4 a6 16. dxe5 Nxe5 17. Nxe5 Qxe5 18. Bxh5 Nxh5 19. Rad1 Nf6 20. Ba1 Ne4
21. c4 Qe6 22. Qb3 f6 23. Rd5 b5 24. Red1 Rxd5 25. Rxd5 h6 26. Qd3 Ng5 27. e4
bxc4 28. Qxc4 Kh7 29. Bc3 Qb6 30. e5 fxe5 31. Bxe5 Nf7 32. Bxg7 Qb1+ 33. Kh2
Kxg7 34. Qg4+ Kh7 35. Rd7 0-1

[Event "8th HD Bank Cup 2018"]
[Site "Hanoi VIE"]
[Date "2018.03.13"]
[Round "6.56"]
[White "Nguyen, Thi Mai Hung"]
[Black "Bach, Ngoc Thuy Duong"]
[Result "0-1"]
[WhiteTitle "WGM"]
[BlackTitle "WFM"]
[WhiteElo "2321"]
[BlackElo "2000"]
[WhiteFideId "12401676"]
[BlackFideId "12408956"]
[EventDate "2018.03.10"]

1. d4 d5 2. Nf3 Nf6 3. c4 e6 4. e3 c6 5. Nbd2 Nbd7 6. Bd3 b6 7. O-O Bb7 8. e4
dxe4 9. Nxe4 Be7 10. Qe2 O-O 11. Rd1 Qc7 12. Bg5 Rfe8 13. Rac1 c5 14. dxc5 bxc5
15. Nxf6+ Nxf6 16. Ne5 Rad8 17. h3 h6 18. Bd2 Nd7 19. f4 Nxe5 20. fxe5 Qc6 21.
Bc2 Rd4 22. Be3 Rh4 23. Kh2 g6 24. Rd2 Qc7 25. g3 Qxe5 26. Bf4 Qxe2+ 27. Rxe2
Rxf4 28. gxf4 Bd6 29. Kg3 g5 30. Rd1 Bxf4+ 31. Kf2 Bc8 32. Ba4 Rf8 33. Bc6 e5
34. Kg2 h5 35. Rd5 h4 36. Rxc5 g4 37. hxg4 Bxg4 38. Bf3 h3+ 39. Kf2 f5 40. Re1
e4 41. Bh1 Kg7 42. Rd5 Kg6 43. c5 Rc8 44. b4 Rb8 45. a3 a5 46. Rd4 axb4 47. axb4
Ra8 48. c6 Ra2+ 49. Kf1 h2 50. Rb1 Bh3+ 51. Ke1 Bg3+ 52. Kd1 Bg4+ 0-1